Colección de documentos inéditos para la historia de Guipúzcoa. (Record no. 18716)

MARC details
000 -LEADER
campo de control de longitud fija 00914nam a2200217 i 4500
001 - NÚMERO DE CONTROL
campo de control 18716
003 - IDENTIFICADOR DE NÚMERO DE CONTROL
campo de control ES-MaACL
005 - FECHA Y HORA DE LA ÚLTIMA TRANSACCIÓN
campo de control 20250902091049.0
007 - CAMPO FIJO DE DESCRIPCIÓN FÍSICA--INFORMACIÓN GENERAL
campo de control de longitud fija t|
008 - DATOS DE LONGITUD FIJA--INFORMACIÓN GENERAL
campo de control de longitud fija 020305s1965 sp ||||1| spa d
080 ## - NÚMERO DE LA CLASIFICACIÓN DECIMAL UNIVERSAL
Número de la Clasificación Decimal Universal 061.235(460.15)(091)
080 ## - NÚMERO DE LA CLASIFICACIÓN DECIMAL UNIVERSAL
Número de la Clasificación Decimal Universal 946.015.4(093)
245 00 - MENCIÓN DEL TÍTULO
Título Colección de documentos inéditos para la historia de Guipúzcoa.
Número de parte o sección de la obra , . 6,
Nombre de parte o sección de la obra Fascículo especial dedicado a las conmemoraciones centenarias de la fundación de la Real Sociedad Bascongada de los Amigos del País.
260 ## - PUBLICACIÓN, DISTRIBUCIÓN, ETC.
Lugar de publicación, distribución, etc. San Sebastián :
Nombre del editor, distribuidor, etc. Publicaciones de la Excma. Diputación Provincial de Guipúzcoa,
Fecha de publicación, distribución, etc. 1965.
300 ## - DESCRIPCIÓN FÍSICA
Extensión 127 p. ;
Dimensiones 25 cm.
610 24 - PUNTO DE ACCESO ADICIONAL DE MATERIA--NOMBRE DE ENTIDAD CORPORATIVA
Nombre de entidad corporativa o nombre de jurisdicción como elemento de entrada Real Sociedad Bascongada de los Amigos del País-
Subdivisión de forma Historia-
-- Fuentes
9 (RLIN) 6369
651 #4 - PUNTO DE ACCESO ADICIONAL DE MATERIA--NOMBRE GEOGRÁFICO
Nombre geográfico Guipúzcoa-
Subdivisión general Historia-
Subdivisión de forma Fuentes.
9 (RLIN) 8815
710 1# - ENTRADA AGREGADA--NOMBRE DE ENTIDAD CORPORATIVA
Nombre de entidad corporativa o nombre de jurisdicción como elemento de entrada Guipúzcoa.
Unidad subordinada Diputación Provincial.
9 (RLIN) 4555
852 ## - LOCALIZACIÓN
Ubicación ES-MaACL
Número de control de estantería L-25291
Sublocalización o colección R.130450
Holdings
Estatus retirado Estado de pérdida Estado de daño No para préstamo Biblioteca de origen Biblioteca actual Ubicación en estantería Fecha de adquisición Fuente de adquisición Total de préstamos Signatura topográfica completa Código de barras Visto por última vez Precio de reemplazo Tipo de ítem Koha
        Biblioteca del Ateneo de Madrid Biblioteca del Ateneo de Madrid Depósito 2 17/01/2008     L-25291 1019153 23/02/2023 23/02/2023 Libro impreso